Priestorová analýza kriminality: jednorozmerný a viacrozmerný prístup
Priestorová analýza kriminality v NUTS 3 (Nomenclature of Units for Territorial Statistics) regiónoch krajín Vyšehradskej štvorky. Nástroje exploratačnej analýzy priestorových dát ESDA, ktoré umožňujú skúmať štruktúru analyzovaných údajov, zisťovať prítomnosť priestorovej závislosti a existenciu pri...
Enregistré dans:
| Auteur principal: | |
|---|---|
| Format: | Chapitre de livre |
| Langue: | slovaque |
| Sujets: | |
| Tags: |
Pas de tags, Soyez le premier à ajouter un tag!
|
MARC
| LEADER | 00000naa a2200000 4500 | ||
|---|---|---|---|
| 001 | 0270733 | ||
| 005 | 20240502074239.1 | ||
| 041 | 0 | |a slo | |
| 044 | |a SK | ||
| 245 | 1 | 0 | |a Priestorová analýza kriminality: jednorozmerný a viacrozmerný prístup |c Michaela Chocholatá |
| 520 | |a Priestorová analýza kriminality v NUTS 3 (Nomenclature of Units for Territorial Statistics) regiónoch krajín Vyšehradskej štvorky. Nástroje exploratačnej analýzy priestorových dát ESDA, ktoré umožňujú skúmať štruktúru analyzovaných údajov, zisťovať prítomnosť priestorovej závislosti a existenciu priestorových zhlukov. | ||
| 610 | 2 | 0 | |a kriminalita |
| 610 | 2 | 0 | |a analýza dát |
| 610 | 2 | 0 | |a Vyšehradská štvorka |
| 610 | 2 | 0 | |a analýza štatistická |
| 100 | 1 | |a Chocholatá, Michaela, 1977- | |